India's security concerns in the Bay of Bengal: with special reference to A & N Islands (Record no. 67219)

000 -LEADER
fixed length control field 00391pab a2200145 454500
008 - FIXED-LENGTH DATA ELEMENTS--GENERAL INFORMATION
fixed length control field 180718b2005 xxu||||| |||| 00| 0 eng d
100 ## - MAIN ENTRY--PERSONAL NAME
Personal name Murthy, R.V.R.
245 ## - TITLE STATEMENT
Title India's security concerns in the Bay of Bengal: with special reference to A & N Islands
260 ## - PUBLICATION, DISTRIBUTION, ETC.
Date of publication, distribution, etc. 2005
300 ## - PHYSICAL DESCRIPTION
Extent p.106-18.
362 ## - DATES OF PUBLICATION AND/OR SEQUENTIAL DESIGNATION
Dates of publication and/or sequential designation Jul-Sep
650 ## - SUBJECT ADDED ENTRY--TOPICAL TERM
Topical term or geographic name entry element State security
773 ## - HOST ITEM ENTRY
Main entry heading Dialogue
909 ## -
-- 67219
Holdings
Withdrawn status Lost status Damaged status Not for loan Permanent Location Current Location Date acquired Serial Enumeration / chronology Barcode Date last seen Price effective from Koha item type
        Indian Institute of Public Administration Indian Institute of Public Administration 2018-07-19 Volume no: 7, Issue no: 1 AR67675 2018-07-19 2018-07-19 Articles

Powered by Koha